Responses for Show #7761 - Monday, May 14, 2018

2018 Teachers Tournament semifinal game 1.

Contestants

[<< previous game]

Erika Eason, a K-12 technology teacher from Derwood, Maryland

Scott Montanaro, a high school history and psychology teacher from Portland, Oregon

Steve Mond, a 9th and 10th grade math teacher from Midvale, Utah

[next game >>]

Jeopardy! Round responses

SCHOOL OF ROCK
STAND & DELIVER
DEAD POETS' SOCIETY
LEAN ON ME
GOODBYE MR. CHIP
BLACKBOARD JUMBLE
(Alex: Each correct response will be a word you can make up from the letters in the word "blackboard".)
    $200 2
(Steve: What is "Fourteen"?)

"Fifteen"

SteveErika
    $200 7
Michelle Obama

Erika
    $200 1
(Dylan) Thomas

Scott
    $200 12
crutches

Scott
    $200 26
French onion

Erika
    $200 21
aback

Steve
    $400 3
The Beach Boys

Steve
    $400 8
Churchill

Steve
    $400 16
Walt Whitman

Steve
    $400 13
Karl Marx

Steve
    $400 27
queso

Erika
    $400 22
block

Steve
    $600 4
biology

Erika
    $1,000 9
(Huey) Long

Steve
    $600 17
(Sylvia) Plath

Erika
    $600 14
mentors

Erika
    $600 28
baba ghanoush

Steve
    $600 23
(Scott: What is cape?)

cloak

ScottErika
    $800 5
Pink Floyd

Erika
    $800 10
Elie Wiesel

Steve
    $800 18
an athlete

Steve
    $800 15
Bruce Springsteen

Steve
    $800 29
fondue

Erika
    $800 24
Labor

Steve
    $1000 6
(Steve: What is "Work Study"?)

"Scholarship"

Steve
Triple Stumper
    $1000 11
(Anwar) Sadat

Erika
    $1000 19
Annabel Lee

Steve
    $1000 20
the mantel

Erika
    $1000 30
red, white, and green

Scott
    $1000 25
dork

Scott

Scores at the first commercial break (after clue 15):

Steve Scott Erika
$2,600 $400 $3,400

Scores at the end of the Jeopardy! Round:

Steve Scott Erika
$6,800 $1,800 $7,000

Double Jeopardy! Round responses

SMALL COUNTRIES
LIFE SCIENCE MILESTONES
CHARACTERS IN BROADWAY MUSICALS
10-LETTER WORDS
SUPER CONDUCTORS
"ED"UCATION
    $400 1
Monaco

Steve
    $400 3
(Gregor) Mendel

Steve
    $400 11
(Erika: What is Oklahoma!?)

Annie Get Your Gun

ScottErika
    $400 21
a workaholic

Scott
    $400 26
London

Steve
    $400 12
Edinburgh

Erika
    $800 2
(Steve: What is a shield?)

a (Maltese) cross

SteveErika
    $800 7
Hippocrates

Scott
    $800 17
The Book of Mormon

Steve
    $3,000 22
(Scott: What is... got nothing.)

netiquette

Scott
    $800 24
Boston

Steve
    $800 13
(Thomas) Edison

Scott
    $1200 4
Liechtenstein

Steve
    $1200 8
(Steve: What is salmonella?)
(Scott: What is chicken pox?)

cancer

SteveScott
Triple Stumper
    $1200 18
(Steve: What is Wicked?)
(Erika: What is The Wizard of Oz?)

The Wiz

SteveScottErika
    $1200 23
Occidental

Steve
    $1,500 25
(Steve: Who is Mozart?)
(Alex: No. Who was [*]? [*] was deaf. This was the presentation of his 9th Symphony.)

Beethoven

Steve
    $1200 14
Edwardian

Steve
    $1600 5
tobacco

Steve
    $1600 9
Linnaeus

Steve
    $1600 19
Sunset Boulevard

Steve
    $1600 27
oddsmakers

Steve
    $1600 29
Giuseppe Verdi

Triple Stumper
    $1600 15
edentate

Triple Stumper
    $2000 6
Bahrain

Erika
    $2000 10
a hybrid

Erika
    $2000 20
Newsies

Triple Stumper
    $2000 28
lederhosen

Triple Stumper
    $2000 30
Zubin Mehta

Triple Stumper
    $2000 16
the Edda

Erika

Scores at the end of the Double Jeopardy! Round:

Steve Scott Erika
$14,900 $1,200 $12,600

[wagering suggestions for these scores]

Final Jeopardy! Round responses

CITIES IN LITERATURE
ScottWhat is Charlottesville?
$1,200
ErikaWhat is Atlanta Savanna?
$10,000
SteveWhat is Atlanta Charlotte?
$10,301
Charleston

Final scores:

Steve Scott Erika
$4,599 $0 $2,600
Finalist 3rd place: $10,000 2nd place: $10,000

Game dynamics:

Coryat scores:

Steve Scott Erika
$16,000 $4,200 $12,600
25 R
(including 1 DD),
6 W
(including 1 DD)
9 R,
3 W
(including 1 DD)
17 R,
2 W

Combined Coryat: $32,800

[game clues] [game scores] [suggest correction]

Game tape date: 2018-03-21
The J! Archive is created by fans, for fans. Scraping, republication, monetization, and malicious use prohibited; this site may use cookies and collect identifying information. See terms. The Jeopardy! game show and all elements thereof, including but not limited to copyright and trademark thereto, are the property of Jeopardy Productions, Inc. and are protected under law. This website is not affiliated with, sponsored by, or operated by Jeopardy Productions, Inc. Join the discussion at JBoard.tv.